QUIZ O AUSTRALII - Statystyki

Ogólne statystyki
  • Ten quiz został rozwiązany 16 razy
  • Średni wynik to 9 z 15
Statystyki odpowiedzi
Zagadnienie Odpowiedź % Poprawnych
W jakim języku mówią obywatele tego państwa? Angielski
100%
Co jest stolicą Australii Canberra
92%
Najwyższa góra? Góra Kościuszki
92%
Jak nazywa się australijski dziki pies? Dingo
85%
Najdłuższa rzeka Australii? Murray
77%
Jak nazywają się rdzenni mieszkańcy Australii? Aborygeni
69%
Jakie zwierzęta występują w godle? Kangur i emu
62%
Jak nazywa się linia oddzielająca klimat tropikalny od umiarkowanego w Australii? Zwrotnik Koziorożca
62%
W którym roku powstała federacja Australii? 1901
54%
Skoro wierz (lub nie) jaka to góra to ile ma wysokości? 2228 m n.p.m.
54%
Ile stanów liczy? 6
54%
Który australijski stan jako jedyny nie ma herbu królewskiego? Australia Południowa
23%
Jak nazywa się najstarsza znana struktura geologiczna Australii Kraton Pilbara
23%
Jak nazywa się największy atol koralowy Australii? Atol Ningaloo
15%
Który odkrywca jako pierwszy opłynął Australię? Matthew Flinders
8%
Nie znaleziono quizów pasujących do podanych kryteriów
Rozkład punktacji
Procent ludzi z każdym wynikiem
Percentyl według liczby udzielonych odpowiedzi
Twoja historia wyników
Nie rozwiązałeś tego quizu